[Event "Pan American-ch School U15 Girls 12th"]
[Site "Callao"]
[Date "2023.10.17"]
[Round "4"]
[White "Torres Ordores, Nathaniel Elizabeth"]
[Black "Velasquez Pastor, Andrea Guadalupe"]
[Result "1/2-1/2"]
[WhiteElo "1089"]
[BlackElo "1081"]
[PlyCount "65"]
[EventDate "2023.10.16"]
[EventType "swiss"]
[EventRounds "9"]
[EventCountry "PER"]
[SourceTitle "Mega2024 Update 01"]
[Source "Chessbase"]
[SourceDate "2023.11.12"]
[SourceVersion "1"]
[SourceVersionDate "2023.11.12"]
[SourceQuality "1"]

1. e4 e5 2. Nf3 Nc6 3. Bb5 Nge7 4. 0-0 g6 5. Nc3 Bg7 6. Re1 0-0 7. d3 d6 8. Be3 Bg4 9. h3 Bxf3 10. Qxf3 Nd4 11. Bxd4 exd4 12. Ne2 c6 13. Ba4 d5 14. exd5 Qxd5 15. Qxd5 Nxd5 16. Bb3 Nc7 17. Rad1 h6 18. Nf4 g5 19. Ng6 Rfe8 20. Ne7+ Kf8 21. Nf5 Ne6 22. Nd6 Re7 23. Nf5 Ree8 24. Bxe6 fxe6 25. Nxg7 Kxg7 26. Re4 e5 27. h4 Kf6 28. c3 c5 29. g3 b5 30. cxd4 exd4 31. Rc1 Rac8 32. hxg5+ Kxg5 33. Rb1 1/2-1/2

[Event "Pan American-ch School U15 Girls 12th"]
[Site "Callao"]
[Date "2023.10.16"]
[Round "2"]
[White "Soliz Flores, Luz Neyda"]
[Black "Velasquez Pastor, Andrea Guadalupe"]
[Result "1-0"]
[WhiteElo "1482"]
[BlackElo "1081"]
[PlyCount "83"]
[EventDate "2023.10.16"]
[EventType "swiss"]
[EventRounds "9"]
[EventCountry "PER"]
[SourceTitle "Mega2024 Update 01"]
[Source "Chessbase"]
[SourceDate "2023.11.12"]
[SourceVersion "1"]
[SourceVersionDate "2023.11.12"]
[SourceQuality "1"]

1. d4 Nf6 2. Nf3 e6 3. e3 d5 4. Nbd2 Be7 5. Bd3 0-0 6. 0-0 Nbd7 7. c3 b6 8. e4 Bb7 9. e5 Ne8 10. Re1 f6 11. exf6 Rxf6 12. Nf1 Nf8 13. Ne5 h6 14. Ng4 Rf7 15. Bxh6 Bg5 16. Bxg5 Qxg5 17. Ne5 Re7 18. Re3 Nf6 19. Ng3 c5 20. Nf5 Rc7 21. Nd6 c4 22. Bc2 Ba6 23. Rh3 Rd8 24. Rh8+ Kxh8 25. Ndf7+ Rxf7 26. Nxf7+ Kg8 27. Nxg5 Re8 28. f4 g6 29. g4 Kg7 30. h4 N8h7 31. Nxh7 Kxh7 32. h5 Kg7 33. Bxg6 Rf8 34. g5 Ne4 35. Bxe4 dxe4 36. Qg4 Bc8 37. g6 Rh8 38. Qg5 a6 39. Qe7+ Kh6 40. g7 Rg8 41. Qg5+ Kh7 42. Qg6# 1-0